|
|
|
|
| LEADER |
01476nam a2200385 a 4500 |
| 001 |
c000168511 |
| 003 |
CARM |
| 005 |
20000912202423.0 |
| 008 |
940104s1994 xrac r 001 0 eng d |
| 010 |
|
|
|a 94186238
|
| 019 |
1 |
|
|a 10635382
|z 42820909
|5 LACONCORD2021
|
| 020 |
|
|
|a 1875145265
|c $38.00
|
| 020 |
|
|
|a 1875145265
|
| 035 |
|
|
|a (OCoLC)31137431
|5 LACONCORD2021
|
| 040 |
|
|
|a QSL
|b eng
|c QSL
|d QSL
|
| 042 |
|
|
|a anuc
|
| 043 |
|
|
|a u-at---
|a u-nz---
|
| 050 |
0 |
0 |
|a Z669.5.A8
|b R4 1994
|
| 082 |
0 |
0 |
|a 020/.71/194
|2 20
|
| 082 |
0 |
4 |
|a 020.71194
|2 20
|
| 082 |
0 |
4 |
|a 020.71194
|2 20
|
| 245 |
0 |
0 |
|a Directory of library schools and lecturers in librarianship in Australia and New Zealand /
|c compiled and edited by Edward R. Reid-Smith.
|
| 250 |
|
|
|a 4th ed.
|
| 260 |
|
|
|a Adelaide :
|b Auslib Press,
|c 1994.
|
| 300 |
|
|
|a xii, 322 p. :
|b ports ;
|c 21 cm.
|
| 500 |
|
|
|a Includes index.
|
| 500 |
|
|
|a Previous ed.: Adelaide : Auslib, 1985.
|
| 650 |
|
0 |
|a Library schools
|z Australia
|x Directories.
|
| 650 |
|
0 |
|a Library schools
|z New Zealand
|x Directories.
|
| 650 |
|
0 |
|a Library schools
|z Australia
|x Faculty
|x Directories.
|
| 650 |
|
0 |
|a Library schools
|z New Zealand
|x Faculty
|x Directories.
|
| 700 |
1 |
|
|a Reid-Smith, Edward R.
|q (Edward Reid),
|d 1929-
|
| 852 |
8 |
|
|b CARM
|h A2:AN31D0
|i C06040
|p 0226940
|f BK
|
| 999 |
f |
f |
|i c607f5f9-b73a-5e1d-a432-4c0595d952a2
|s 5c0faa8a-f8b4-5298-84ed-ed6b9c1849b2
|
| 952 |
f |
f |
|p Can circulate
|a CAVAL
|b CAVAL
|c CAVAL
|d CARM 1 Store
|e C06040
|f A2:AN31D0
|h Other scheme
|i book
|m 0226940
|